000 00294nam a22001217a 4500
008 180425b xxu||||| |||| 00| 0 eng d
041 _aeng
080 _a043.3
100 _a0
101 _aMBE-BTH
245 _aSistemi bankar me aspekt të veçantë në Kosovë
_cJashari,E
942 _2udc
_cBK
999 _c45519
_d45519